Mejorando el rendimiento académico de los alumnos del segundo año de bacillerato técnico vocacional, sección "A", opción contaduría en la asignatura de matemática del Instituto Nacional "De Ilobasco", 2010 (Registro nro. 27585)
[ vista simple ]
| 000 -CABECERA | |
|---|---|
| Longitud fija campo de control | 00972nam a22002057a 4500 |
| 003 - IDENTIFICADOR DELl NÚMERO DE CONTROL | |
| Identificador del número de control | OSt |
| 005 - FECHA Y HORA DE LA ÚLTIMA TRANSACCIÓN | |
| Fecha y hora de la última transacción | 20170425100636.0 |
| 008 - CÓDIGOS DE INFORMACIÓN DE LONGITUD FIJA | |
| Códigos de información de longitud fija | 150407b xxu||||| |||| 00| 0 eng d |
| 040 ## - FUENTE DE LA CATALOGACIÓN | |
| Centro transcriptor | CRI |
| 082 ## - NÚMERO DE LA CLASIFICACIÓN DECIMAL DEWEY | |
| Númeroo de clasificación | 371.264 |
| 100 ## - PUNTO DE ACCESO PRINCIPAL-NOMBRE DE PERSONA | |
| 9 (RLIN) | 41104 |
| Nombre de persona | Monge Rauda, Galileo |
| 245 10 - MENCIÓN DE TÍTULO | |
| Título | Mejorando el rendimiento académico de los alumnos del segundo año de bacillerato técnico vocacional, sección "A", opción contaduría en la asignatura de matemática del Instituto Nacional "De Ilobasco", 2010 |
| Resto del título | : Investigación |
| Mención de responsabilidad, etc. | Galileo Monge Rauda |
| 260 ## - PUBLICACIÓN, DISTRIBUCIÓN, ETC. (PIE DE IMPRENTA) | |
| Lugar de publicación, distribución, etc. | Ilobasco (Cabañas) |
| Nombre del editor, distribuidor, etc. | Universidad Católica de El Salvador |
| Fecha de publicación, distribución, etc. | 2011 |
| 300 ## - DESCRIPCIÓN FÍSICA | |
| Extensión | 43 p. |
| Dimensiones | 27 cm |
| Material anejo | + 1 disco compacto |
| 502 ## - NOTA DE TESIS | |
| Nota de tesis | Trabajo de graduación para optar al grado académico de Maestro/a en asesoría educativa |
| 650 #0 - PUNTO DE ACCESO ADICIONAL DE MATERIA - TÉRMINO DE MATERIA | |
| 9 (RLIN) | 10427 |
| Término de materia o nombre geográfico como elemento inicial | Rendimiento académico |
| 700 ## - PUNTO DE ACCESO ADICIONAL - NOMBRE DE PERSONA | |
| 9 (RLIN) | 41103 |
| Nombre de persona | Maldonado Ayala, Peter Paul |
| 710 ## - PUNTO DE ACCESO ADICIONAL - NOMBRE DE ENTIDAD | |
| 9 (RLIN) | 40915 |
| Nombre de entidad o nombre de jurisdicción como elemento inicial | Universidad Católica de El Salvador |
| Unidad subordinada | Centro Regional de Ilobasco |
| 942 ## - ENTRADA DE ELEMENTOS AGREGADOS (KOHA) | |
| Fuente de clasificaión o esquema | Dewey Decimal Classification |
| Koha [por defecto] tipo de item | 4- Trabajo de Graduación |
| Parte de clasificación | prozim |
| Suprimido | Perdido | Fuente de clasificación o esquema | Estropeado | Restricciones de uso | No para préstamo | Código de colección | Localización permanente | Localización actual | Localización en estanter&íacute;as | Fecha adquisición | Fuente de adquisición | Número de inventario | Préstamos totales | Signatura completa | Código de barras | Fecha última consulta | Fecha del precio de reemplazo | Tipo de item de Koha |
|---|---|---|---|---|---|---|---|---|---|---|---|---|---|---|---|---|---|---|
| NULL | NULL | Dewey Decimal Classification | NULL | Prestable | NULL | NULL | Biblioteca Centro Regional de Ilobasco | Biblioteca Centro Regional de Ilobasco | Sala Principal | 21/11/2011 | CRI | 000026 | IN-000026 | 1041433 | 25/04/2017 | 25/04/2017 | 4- Trabajo de Graduación |